| 000 | 00000nam##2200000za#4500 |
| 001 | 9.640234 |
| 003 | CaOODSP |
| 005 | 20210624222554 |
| 007 | cr ||||||||||| |
| 008 | 150407|2001||||xxc|||||o f|0| 0 fre|d |
| 040 | |aCaOODSP|bfre |
| 043 | |an-cn--- |
| 086 | 1 |aJS42-97/2001-1F-PDF |
| 110 | 1 |aCanada. |bSolliciteur général Canada. |
| 245 | 10|aConsultation nationale des victimes du crime : |h[ressource électronique]|bpoints saillants et messages clés |
| 260 | |aOttawa - Ontario : |bSolliciteur général Canada |cJuillet 2001. |
| 300 | |a45p. |
| 500 | |aLe n° de catalogue (JS42-97/2001-1) et l'ISBN (0-662-65904-X) de l'édition imprimée bilingue ont été incorrectement copiés dans l'édition électronique. |
| 590 | |a12-18-Supp|b2012-04-25 |
| 691 | 07|aAudience publique|2gcpds |
| 691 | 07|aCrime|2gcpds |
| 691 | 07|aVictime|2gcpds |
| 775 | 08|tNational consultation with victims of crime : |w(CaOODSP)9.696113 |
| 776 | 0#|tNational consultation with victims of crime : |w(CaOODSP)9.662967 |
| 776 | 0#|tConsultation nationale des victimes du crime : |w(CaOODSP)9.662968 |
| 856 | 40|ahttp://publications.gc.ca|qPDF|s534 Ko|uhttps://publications.gc.ca/collections/collection_2012/sp-ps/JS42-97-2001-1-fra.pdf |